000 00727nam a22002297a 4500
008 130827b xxu||||| |||| 00| 0 eng d
020 _a185293 3178
024 _cAvailable
037 _cAvailable
040 _ambstu Library
_dmbstu Library
082 _a363.7 BOA
100 _aSanja Bochmer
245 _aAcid Politics Environmental and Energy Policies in Britain and Germanyt
260 _aNew York
_bBelhaven Press
_c1991
300 _a22.5 cm
_b296 Page
_f01
_g22.5 cm
600 _2Environmental Problem
700 _aSanja Bochmer
270 _aNew York
_bNew York
_dUSA
365 _b1762.00
_d1762.00
942 _2ddc
_cBK
999 _c634
_d634